000
00300nam a2200133Ia 4500
008
150301s2015 xx 000 0 und d
082
_a
612.015
_b
B07R
100
_a
RAMBABU, K
245
_a
TB OF BIOCHEMISTRY
260
_b
AITBS DELHI
300
_a
832
650
_a
PHARMACEUTICS
942
_2
ddc
_c
BK
999
_c
7389
_d
7389